| 000 | 00955cam a22001934a 4500 | ||
|---|---|---|---|
| 005 | 20250605164359.0 | ||
| 008 | 250528s ||||||||||||||||||||||||d | ||
| 035 | _a24491 | ||
| 040 |
_aGR-AtMCL _bgre _dGR-AtMCL _eAACR2 |
||
| 245 | 1 | _aVolkswagen Polo 'Hugs' / Η Cram για την Kosmocar | |
| 260 | _c2017 | ||
| 300 | _a42 | ||
| 520 | _aΣυναισθηματική Καμπάνια για ένα Ιστορικό Μοντέλο Volkswagen, Millenials and Brands: A Complicated Affair, Τα Social Media Καθαρίζουν Επικοινωνιακά, Από Έθιμο στη Διατροφική Τάση, Η Φωνή της Περιφέρειας Αποκτά Νέα Δυναμική, Η Εξωστρεφής Επιχειρηματικότητα Διέξοδος από την Κρίση. | ||
| 700 | 1 |
_aΚορδελάς Δημήτρης _99464 |
|
| 942 | _cCR | ||
| 710 | 2 |
_aThe Marketing Week _99825 |
|
| 999 |
_c9369 _d9369 |
||